Bibliotheca Historiae Litterariae Selectra Olim Titvlo Introdvctionis In Notitiam Rei Litterariae Et Vsvm Bibliothecarvm Insignita Cvivs Primas Lineas Dvxit Bvrc. Gotthelf. Strvvivs Ictvs Et Historicvs Ienensis. Post Variorvm Emendationes Et Additamenta Opvs Ita Formavit Vt Fere Novvm Dici Qveat Iohannes Fridericvs Ivgler Avgvstiss. Magnae Brit. Regi A consiliis Et Academ. Eqvestr. Lvnebvrg. Inspector. Tomvs III. Et Vltimvs

Bibliographic Details
Main Author: Struve, Burkhard Gotthelf, 1671-1738 (Author)
Corporate Author: Cuno, Christian Heinrich (Jena, Nemecko) (Printer)
Other Authors: Cuno, Christian Heinrich, zomrel 1780 (Printer)
Format: Book
Language:German
PhysicalDescription:4 nečíslované strany, 632 strán, 88 nečíslovaných strán 19 cm‬
Subjects:

MARC

LEADER 00000nam a2200000 4500
001 vtls012250460
003 SK-MaSNL
005 20260302012248.0
008 240215t1763 gw a r 001 0 ger
015 |a SNBHFA1763 
040 |a SNKHF  |b slo  |c SNK  |e rda 
041 |a ger 
044 |a gw  |c DE 
072 7 |a 82.0  |x Literatúra (teória)  |2 konspekt 
080 |a 82(091)  |2 2011 
100 1 |a Struve, Burkhard Gotthelf,  |d 1671-1738  |4 aut  |9 331213 
245 1 0 |a Bibliotheca Historiae Litterariae  |b Selectra Olim Titvlo Introdvctionis In Notitiam Rei Litterariae Et Vsvm Bibliothecarvm Insignita Cvivs Primas Lineas Dvxit Bvrc. Gotthelf. Strvvivs Ictvs Et Historicvs Ienensis. Post Variorvm Emendationes Et Additamenta Opvs Ita Formavit Vt Fere Novvm Dici Qveat Iohannes Fridericvs Ivgler Avgvstiss. Magnae Brit. Regi A consiliis Et Academ. Eqvestr. Lvnebvrg. Inspector.  |n Tomvs III. Et Vltimvs 
264 3 |a Ienae  |b Svmpt. Christian. Henr. Cvnonis  |c MDCCLXIII (1763) 
300 |a 4 nečíslované strany, 632 strán, 88 nečíslovaných strán  |c 19 cm‬ 
336 |a text  |b txt  |2 rdacontent 
337 |a bez média  |b n  |2 rdamedia 
338 |a zväzok  |b nc  |2 rdacarier 
500 |a Kustódy, ilustrácie, koncová vineta, iniciály na 6 riadkov 
504 |a Tlačené vysvetlivky a komentáre pod textom, register 
563 |a Väzba pôvodná, kožená.  |5 SNK ID 102170/3 
650 0 7 |a literárna história  |2 SNKPH  |9 1136 
700 1 |a Jugler, Johann Friedrich,  |d 1714-1791  |4 red  |9 624554 
700 1 |a Cuno, Christian Heinrich,  |d zomrel 1780  |4 prt  |9 180123 
710 0 |a Cuno, Christian Heinrich (Jena, Nemecko),  |d 1730-1780  |4 prt  |9 448185 
752 |a Nemecko  |d Jena 
852 |a snk  |b Aponiovská knižnica  |p ID 102170/3 
958 |a DD 
958 |a ONDV 
999 |c 1008949  |d 1010879 
952 |t Op. IV/3  |a SNK  |b SNK  |c SNK_HF  |y PREZ  |7 0  |p 17A1534021  |o snkID 102170/3  |i snk2024/2593  |8 5  |0 0  |1 0  |4 0  |d 2024-02-15  |l 0  |r 2026-02-24 12:46:40  |w 2026-02-24